稚内駅から乗り換えなしで行ける駅 - Statistics

General Stats
  • This quiz has been taken 17 times
  • The average score is 21 of 27
Answer Stats
Answer % Correct
旭川
100%
旭川
100%
札幌
100%
南稚内
94%
名寄
94%
滝川
94%
岩見沢
94%
音威子府
88%
天塩川温泉
88%
深川
88%
豊富
82%
幌延
82%
天塩中川
82%
士別
82%
兜沼
76%
和寒
76%
糠南
71%
美深
71%
勇知
65%
咲来
65%
下沼
59%
問寒別
59%
佐久
59%
筬島
59%
智北
59%
智恵文
59%
日進
59%
No matching quizzes found
Score Distribution
Percent of People with Each Score
Percentile by Number Answered
Your Score History
You have not taken this quiz